| 000 | 00839nam a22002057a 4500 | ||
|---|---|---|---|
| 999 |
_c5642 _d5642 |
||
| 003 | AR-CdUCM | ||
| 008 | 190313b ||||| |||| 00| 0 spa d | ||
| 040 |
_aMUNICIPALIDAD PROVINCIAL DEL CUSCO _cBIBLIOTECA MUNICIPAL DEL CUSCO |
||
| 082 |
_a150 / _bP77 |
||
| 100 |
_aPonce, Anibal _92441 |
||
| 245 | _aPsicologia de la Adolecencia / | ||
| 260 |
_aMéxico : _bUTEHA , _c1938 |
||
| 300 |
_a166 páginas ; _c17.5 cm. |
||
| 505 | _aContenido : El descubrimiento de lo inexpresable -- la tendencia sexual -- la vida interior -- la angustia -- la ambicion -- la rebeldia -- los afectos equivocos -- la dialectica -- la gracia -- el idealismo social -- la amistad y el amor... | ||
| 650 |
_aLa Psicologia Adolecente _916851 |
||
| 650 |
_aPsicologia Humana _916852 |
||
| 650 |
_aPsicologia Infantil _97924 |
||
| 942 |
_2ddc _cLIBROS |
||
| 945 | _artm | ||